Taxation of Motor Vehicles as a Tool to Promote Sustainable Consuption and Production
Porovnanie právnej úpravy zdaňovania motorových vozidiel v Slovenskej republike a v Nemecku a posúdenie využívania dane z motorových vozidiel v SR ako nástroja na podporu udržateľného rozvoja a trend v tejto oblasti.
Enregistré dans:
| Auteur principal: | |
|---|---|
| Format: | Chapitre de livre |
| Langue: | slovaque |
| Sujets: | |
| Tags: |
Pas de tags, Soyez le premier à ajouter un tag!
|
MARC
| LEADER | 00000naa$a2200000$$$4500 | ||
|---|---|---|---|
| 001 | 0281064 | ||
| 005 | 20240530070320.0 | ||
| 041 | 0 | |a slo | |
| 044 | |a CZ | ||
| 245 | 1 | 0 | |a Taxation of Motor Vehicles as a Tool to Promote Sustainable Consuption and Production |c Ivona Ďurinová |
| 520 | |a Porovnanie právnej úpravy zdaňovania motorových vozidiel v Slovenskej republike a v Nemecku a posúdenie využívania dane z motorových vozidiel v SR ako nástroja na podporu udržateľného rozvoja a trend v tejto oblasti. | ||
| 610 | 2 | 0 | |a rozvoj trvalo udržateľný |
| 610 | 2 | 0 | |a vozidlá motorové |
| 610 | 2 | 0 | |a zdaňovanie |
| 610 | 2 | 0 | |a Slovensko |
| 610 | 2 | 0 | |a Nemecko |
| 610 | 2 | 0 | |a legislatíva |
| 100 | 1 | |a Ďurinová, Ivona, 1964- | |